[Event "Central California op 7th"]
[Site "Fresno"]
[Date "2016.08.21"]
[Round "4"]
[White "Bryant, John Daniel"]
[Black "Salakhutdinov, Ildar"]
[Result "1-0"]
[WhiteElo "2547"]
[BlackElo "2238"]
[PlyCount "77"]
[EventDate "2016.08.19"]
[EventType "swiss"]
[EventRounds "5"]
[EventCountry "USA"]
[SourceTitle "EXT 2018"]
[Source "ChessBase"]
[SourceDate "2017.10.13"]
[SourceVersion "1"]
[SourceVersionDate "2017.10.13"]
[SourceQuality "1"]

1. e4 g6 2. d4 Bg7 3. Nc3 c6 4. Nf3 d5 5. Be2 Bg4 6. Bf4 dxe4 7. Nxe4 Qb6 8. c3 Nd7 9. Nfg5 Bf5 10. Bc4 Bxe4 11. Nxe4 Ngf6 12. Ng5 0-0 13. Qe2 Nd5 14. Bxd5 cxd5 15. 0-0-0 e6 16. Kb1 a5 17. h4 h6 18. Nh3 f6 19. Qe3 h5 20. Rhe1 Rae8 21. Qg3 Kf7 22. Bc7 Qc6 23. Bxa5 Bh6 24. Bb4 Rg8 25. Nf4 b5 26. Nd3 Bf8 27. Re2 Bxb4 28. Nxb4 Qb6 29. Re3 Nb8 30. Rde1 Na6 31. Nd3 Qc6 32. a3 Rgf8 33. Qh3 Rh8 34. Qg3 Rhg8 35. Rf3 Kg7 36. Ne5 fxe5 37. Qxe5+ Kh6 38. Rf7 g5 39. Qf6+ 1-0

[Event "Southern California-ch cand"]
[Site "Beverly Hills"]
[Date "2016.06.11"]
[Round "1"]
[White "Deshpande, Aaryan"]
[Black "Salakhutdinov, Ildar"]
[Result "0-1"]
[WhiteElo "1776"]
[BlackElo "2247"]
[PlyCount "92"]
[EventDate "2016.06.11"]
[EventType "swiss"]
[EventRounds "4"]
[EventCountry "USA"]
[SourceTitle "EXT 2018"]
[Source "ChessBase"]
[SourceDate "2017.10.13"]
[SourceVersion "1"]
[SourceVersionDate "2017.10.13"]
[SourceQuality "1"]

1. d4 Nf6 2. Bf4 g6 3. e3 Bg7 4. Nf3 0-0 5. Be2 d6 6. 0-0 Nfd7 7. c3 e5 8. Bg5 Qe8 9. a4 h6 10. Bh4 f5 11. Na3 a6 12. Re1 e4 13. Nd2 g5 14. Bg3 Qe7 15. a5 c6 16. b4 Kh8 17. Bf1 d5 18. Bc7 Nf6 19. Bg3 Nbd7 20. h3 Rg8 21. c4 Nf8 22. Be2 Ng6 23. Bh5 Nxh5 24. Qxh5 Kh7 25. cxd5 cxd5 26. Rab1 Be6 27. Nb3 Raf8 28. Nc5 Bc8 29. b5 f4 30. Bh2 Nh4 31. bxa6 bxa6 32. Rb6 Rf5 33. Qd1 Qf7 34. Rf1 h5 35. Nxa6 g4 36. Bxf4 gxh3 37. g3 Nf3+ 38. Kh1 Bxd4 39. exd4 Rxf4 40. Qc1 Rf5 41. Qc7 Bxa6 42. Qxf7+ Rxf7 43. Rxa6 h4 44. Rd6 hxg3 45. fxg3 Rxg3 46. Nc2 Rg2 0-1

[Event "North American op 24th"]
[Site "Las Vegas"]
[Date "2014.12.26"]
[Round "1"]
[White "Gareyev, Timur"]
[Black "Salakhutdinov, Ildar"]
[Result "1-0"]
[WhiteElo "2621"]
[BlackElo "2264"]
[PlyCount "117"]
[EventDate "2014.12.26"]
[EventType "swiss"]
[EventRounds "9"]
[EventCountry "USA"]
[SourceTitle "CBM 164 Extra"]
[Source "ChessBase"]
[SourceDate "2015.03.02"]
[SourceVersion "1"]
[SourceVersionDate "2015.03.02"]
[SourceQuality "1"]

1. d4 Nf6 2. c4 g6 3. Nc3 Bg7 4. e4 0-0 5. Bg5 d6 6. Qd2 c6 7. Bd3 e5 8. d5 Qc7 9. Nge2 Ne8 10. b4 f5 11. f3 f4 12. Bh4 c5 13. Nb5 Qd7 14. bxc5 dxc5 15. Rb1 b6 16. Bc2 a6 17. Nbc3 Nd6 18. Ba4 Qc7 19. Qd3 Bd7 20. Be7 Re8 21. Bxd7 Nxd7 22. Bxd6 Qxd6 23. a4 Bf6 24. g3 h5 25. Rg1 Kf7 26. Kd2 Rg8 27. Kc2 Rg7 28. Nc1 Rag8 29. Qf1 Bd8 30. Qh3 Re8 31. Nd3 Kg8 32. Rg2 Qf6 33. Rbg1 fxg3 34. Rxg3 Rf8 35. Qe6+ Kh7 36. Qc6 Qf7 37. Qb7 h4 38. Rh3 a5 39. Nb5 Qe7 40. Qc8 Rgf7 41. Qc6 Rf6 42. d6 Qf7 43. Na3 Re6 44. Nb5 g5 45. Nc3 Rg6 46. Nd5 Qe6 47. Rxh4+ Kg7 48. f4 exf4 49. Rxf4 gxf4 50. Rxg6+ Qxg6 51. Qxd7+ Kh6 52. Qh3+ Kg7 53. Qf3 Qxd6 54. N3xf4 Rf7 55. Qg4+ Kf8 56. Ne6+ Ke8 57. Qg8+ Rf8 58. Qg6+ Rf7 59. Ng7+ 1-0

[Event "Izmir"]
[Site "Izmir"]
[Date "2013.07.16"]
[Round "7"]
[White "Furhoff, Johan"]
[Black "Salakhutdinov, Ildar"]
[Result "0-1"]
[WhiteElo "2328"]
[BlackElo "2287"]
[PlyCount "52"]
[EventDate "2013.07.13"]
[EventType "tourn"]
[EventRounds "9"]
[EventCountry "TUR"]
[EventCategory "5"]
[SourceTitle "EXT 2014"]
[Source "ChessBase"]
[SourceDate "2013.11.20"]
[SourceVersion "1"]
[SourceVersionDate "2013.11.20"]
[SourceQuality "1"]

1. e4 g6 2. Nc3 Bg7 3. f4 c6 4. d4 d5 5. e5 Nh6 6. Nf3 Bg4 7. h3 Bxf3 8. Qxf3 0-0 9. g4 e6 10. Be3 f6 11. exf6 Bxf6 12. 0-0-0 Bg7 13. Bg2 g5 14. Qg3 gxf4 15. Bxf4 Nd7 16. Qe3 Qf6 17. Bd6 Rf7 18. Rhf1 Nxg4 19. Qg3 Qh6+ 20. Kb1 Rxf1 21. Rxf1 Ne3 22. Re1 Nf5 23. Qh2 Nxd4 24. Bf4 Qg6 25. Bh1 Rf8 26. Rg1 Rxf4 0-1

[Event "Izmir"]
[Site "Izmir"]
[Date "2013.07.15"]
[Round "5"]
[White "Bagaturov, Giorgi"]
[Black "Salakhutdinov, Ildar"]
[Result "1-0"]
[WhiteElo "2453"]
[BlackElo "2287"]
[PlyCount "36"]
[EventDate "2013.07.13"]
[EventType "tourn"]
[EventRounds "9"]
[EventCountry "TUR"]
[EventCategory "5"]
[SourceTitle "EXT 2014"]
[Source "ChessBase"]
[SourceDate "2013.11.20"]
[SourceVersion "1"]
[SourceVersionDate "2013.11.20"]
[SourceQuality "1"]

1. d4 Nf6 2. c4 e6 3. Nc3 Bb4 4. e3 c5 5. Bd3 Bxc3+ 6. bxc3 d6 7. Ne2 Nc6 8. 0-0 e5 9. Ng3 0-0 10. d5 Ne7 11. f4 exf4 12. exf4 Ng6 13. f5 Ne5 14. Bg5 h6 15. Bxf6 Qxf6 16. Ne4 Qh4 17. Nxd6 Rd8 18. Ne4 b5 1-0

[Event "Izmir"]
[Site "Izmir"]
[Date "2013.07.14"]
[Round "3"]
[White "Salakhutdinov, Ildar"]
[Black "Kanmazalp, Ogulcan"]
[Result "0-1"]
[WhiteElo "2287"]
[BlackElo "2384"]
[PlyCount "66"]
[EventDate "2013.07.13"]
[EventType "tourn"]
[EventRounds "9"]
[EventCountry "TUR"]
[EventCategory "5"]
[SourceTitle "EXT 2014"]
[Source "ChessBase"]
[SourceDate "2013.11.20"]
[SourceVersion "1"]
[SourceVersionDate "2013.11.20"]
[SourceQuality "1"]

1. e4 c5 2. Nf3 d6 3. c3 Nf6 4. h3 Nc6 5. Bd3 d5 6. e5 Nd7 7. Qe2 Qc7 8. e6 fxe6 9. Ng5 Nde5 10. Bxh7 g6 11. f4 Bh6 12. fxe5 Bxg5 13. Bxg6+ Kd7 14. 0-0 Qxe5 15. Qxe5 Nxe5 16. Bc2 Bf6 17. d3 b6 18. Rd1 Ba6 19. Bf4 Rag8 20. Kh1 Ng4 21. Kg1 e5 22. d4 e6 23. Bc1 Nh6 24. dxc5 bxc5 25. Na3 Nf7 26. Kh2 Bb7 27. g3 Nd6 28. Rf1 Ke7 29. Bd2 e4 30. Rae1 e5 31. c4 Bc8 32. g4 Bxg4 33. Re3 Bg5 0-1

[Event "Izmir"]
[Site "Izmir"]
[Date "2013.07.14"]
[Round "4"]
[White "Salakhutdinov, Ildar"]
[Black "Mirzoev, Azer"]
[Result "0-1"]
[WhiteElo "2287"]
[BlackElo "2536"]
[PlyCount "70"]
[EventDate "2013.07.13"]
[EventType "tourn"]
[EventRounds "9"]
[EventCountry "TUR"]
[EventCategory "5"]
[SourceTitle "EXT 2014"]
[Source "ChessBase"]
[SourceDate "2013.11.20"]
[SourceVersion "1"]
[SourceVersionDate "2013.11.20"]
[SourceQuality "1"]

1. e4 c5 2. Nf3 d6 3. c3 Nf6 4. h3 Nc6 5. Bd3 e6 6. Bc2 d5 7. e5 Nd7 8. d4 Be7 9. 0-0 b5 10. Bf4 b4 11. dxc5 bxc3 12. Nxc3 Nxc5 13. a3 a5 14. Nd4 Nxd4 15. Qxd4 Ba6 16. Rfb1 Nd7 17. Na4 Rc8 18. Rc1 0-0 19. Bb3 Rb8 20. Bd1 Rb7 21. Be3 Qb8 22. f4 Bb5 23. Rab1 g6 24. Qd2 Qa8 25. Bd4 Rfb8 26. Rc3 Qa6 27. g4 Bxa4 28. Bxa4 Nb6 29. Bc6 Ra7 30. Qg2 Rc7 31. a4 Rbc8 32. Rbc1 Bb4 33. R3c2 Qd3 34. Bb5 Rxc2 35. Rxc2 Qxd4+ 0-1

[Event "Nezhmetdinov Memorial 35th"]
[Site "Kazan"]
[Date "2013.06.03"]
[Round "4"]
[White "Atalik, Ekaterina"]
[Black "Salakhutdinov, Ildar"]
[Result "0-1"]
[WhiteElo "2455"]
[BlackElo "2293"]
[PlyCount "96"]
[EventDate "2013.05.31"]
[EventType "swiss"]
[EventRounds "9"]
[EventCountry "RUS"]
[SourceTitle "CBM 154 Extra"]
[Source "ChessBase"]
[SourceDate "2013.06.25"]
[SourceVersion "2"]
[SourceVersionDate "2013.06.25"]
[SourceQuality "1"]

1. d4 Nf6 2. c4 e6 3. Nc3 Bb4 4. e3 c5 5. Nge2 cxd4 6. exd4 d5 7. a3 Be7 8. Nf4 dxc4 9. Bxc4 0-0 10. 0-0 a6 11. Ba2 Nc6 12. Be3 Bd6 13. Nh5 Ne8 14. Rc1 Kh8 15. Re1 Bd7 16. Ne4 Ne7 17. Nxd6 Nxd6 18. Bf4 Bc6 19. Bb1 Ndf5 20. Qg4 Qd7 21. Qh3 Ng6 22. Rcd1 Rad8 23. Bg5 f6 24. Bc1 Bd5 25. Bd2 Kg8 26. Bc3 Rfe8 27. Rd2 Qf7 28. f3 Nd6 29. Rde2 f5 30. Qg3 Nb5 31. Nf4 Nxf4 32. Qxf4 Nxc3 33. bxc3 Rc8 34. Re3 h6 35. Qe5 Rf8 36. Qd6 Rc6 37. Qb4 Qc7 38. Qb2 Rb6 39. Qd2 Qc4 40. g4 fxg4 41. fxg4 Rf4 42. h3 Qc7 43. Qc2 Rf6 44. Re5 Rxb1 45. Rxb1 Rf3 46. Rf1 Rxh3 47. c4 Rh1+ 48. Kf2 Rh2+ 0-1

[Event "Nezhmetdinov Memorial 35th"]
[Site "Kazan"]
[Date "2013.06.01"]
[Round "2"]
[White "Salakhutdinov, Ildar"]
[Black "Gajsin, Evgenij"]
[Result "0-1"]
[WhiteElo "2293"]
[BlackElo "2457"]
[PlyCount "148"]
[EventDate "2013.05.31"]
[EventType "swiss"]
[EventRounds "9"]
[EventCountry "RUS"]
[SourceTitle "CBM 154 Extra"]
[Source "ChessBase"]
[SourceDate "2013.06.25"]
[SourceVersion "2"]
[SourceVersionDate "2013.06.25"]
[SourceQuality "1"]

1. e4 c5 2. Nf3 d6 3. c3 Nf6 4. h3 Nc6 5. Bd3 d5 6. e5 Nd7 7. Qe2 Qc7 8. e6 fxe6 9. Ng5 Nf6 10. Nxe6 Qd6 11. Nxf8 Rxf8 12. 0-0 Bd7 13. Re1 0-0-0 14. b4 cxb4 15. cxb4 Ne4 16. Bxe4 dxe4 17. Nc3 Qg6 18. Nxe4 Bxh3 19. Ng3 Qf6 20. d4 Nxd4 21. Qc4+ Kb8 22. Be3 Be6 23. Qc5 b6 24. Bxd4 Rxd4 25. Qc2 Rxb4 26. Ne4 Qg6 27. Qe2 Rc8 28. Ng3 Rc6 29. Qd2 Rbc4 30. Qd8+ Bc8 31. Qxe7 Qf6 32. Qe8 Re6 33. Rxe6 Qxa1+ 34. Re1 Rc1 35. Rxc1 Qxc1+ 36. Kh2 Qf4 37. Kg1 Qc1+ 38. Kh2 Qc7 39. Qg8 g6 40. Kg1 Qc1+ 41. Kh2 Qc7 42. Kg1 Kb7 43. Ne2 Bf5 44. f3 Qd7 45. a3 Bd3 46. Nf4 Qd4+ 47. Kh1 Qxf4 48. Qd5+ Ka6 49. Qxd3+ b5 50. Qd7 Qh6+ 51. Kg1 Qe3+ 52. Kh2 Qe5+ 53. Kg1 Qc5+ 54. Kh2 Kb6 55. f4 a5 56. Qe6+ Qc6 57. Qe3+ Ka6 58. g4 b4 59. axb4 axb4 60. f5 gxf5 61. gxf5 Qc2+ 62. Kg3 Qxf5 63. Qd4 Kb5 64. Qd8 b3 65. Qd4 h5 66. Qc3 Qg6+ 67. Kh3 Qe6+ 68. Kg3 Qg4+ 69. Kh2 Qh4+ 70. Kg2 Qe4+ 71. Kh3 Qc4 72. Qe5+ Kb4 73. Qxh5 b2 74. Qf5 Qb3+ 0-1

[Event "Kiel op-A 16th"]
[Site "Kiel"]
[Date "2003.08.01"]
[Round "8.9"]
[White "Glienke, Manfred"]
[Black "Salakhutdinov, Ildar"]
[Result "0-1"]
[WhiteElo "2318"]
[BlackElo "2276"]
[PlyCount "111"]
[EventDate "2003.07.??"]
[EventType "swiss"]
[EventRounds "9"]
[EventCountry "GER"]
[SourceTitle "CBM 095 Extra"]
[Source "ChessBase"]
[SourceDate "2003.09.04"]
[SourceVersion "1"]
[SourceVersionDate "2003.09.04"]
[SourceQuality "1"]

1. d4 Nf6 2. Nf3 g6 3. Bf4 Bg7 4. e3 0-0 5. Be2 d6 6. h3 Nfd7 7. Nc3 e5 8. Bg3 h6 9. Qd2 Nc6 10. a3 a6 11. h4 Re8 12. 0-0-0 e4 13. Ng1 Nf6 14. f3 d5 15. Nh3 b5 16. fxe4 Nxe4 17. Nxe4 dxe4 18. Rhf1 Ne7 19. Nf4 Nf5 20. Bf2 Nxh4 21. Qa5 Nf5 22. Bxb5 Bd7 23. Bxd7 Qxd7 24. Qd5 Qb5 25. c4 Qb6 26. c5 Qf6 27. Qc4 h5 28. Rg1 Qg5 29. g3 c6 30. Qe2 Nh6 31. Be1 a5 32. Bc3 Qe7 33. Qc4 Ng4 34. Rge1 Kh7 35. Rd2 Red8 36. Kb1 f5 37. Ne6 Rd5 38. Nf4 Rd7 39. d5 Ne5 40. Bxe5 Qxe5 41. d6 Rb8 42. Ree2 Rb5 43. Qe6 Qxe6 44. Nxe6 Kg8 45. Rc2 Kf7 46. Nf4 Be5 47. Ka2 g5 48. Nxh5 Kg6 49. Rh2 Rh7 50. Rcd2 Rb8 51. Nf4+ gxf4 52. Rxh7 Kxh7 53. gxf4 Bf6 54. d7 a4 55. Kb1 Be7 56. Rd4 0-1

[Event "Kiel op-A 16th"]
[Site "Kiel"]
[Date "2003.08.01"]
[Round "9.5"]
[White "Salakhutdinov, Ildar"]
[Black "Karpatchev, Aleksandr"]
[Result "0-1"]
[WhiteElo "2276"]
[BlackElo "2397"]
[PlyCount "137"]
[EventDate "2003.07.??"]
[EventType "swiss"]
[EventRounds "9"]
[EventCountry "GER"]
[SourceTitle "CBM 095 Extra"]
[Source "ChessBase"]
[SourceDate "2003.09.04"]
[SourceVersion "1"]
[SourceVersionDate "2003.09.04"]
[SourceQuality "1"]

1. e4 e5 2. Nf3 Nc6 3. Bc4 Nf6 4. d3 Be7 5. Bb3 0-0 6. c3 d5 7. Qe2 a5 8. Ba4 dxe4 9. dxe4 Nd7 10. 0-0 Nc5 11. Rd1 Bd6 12. Bb5 Bg4 13. h3 Bh5 14. Nbd2 a4 15. Nf1 f5 16. g4 fxe4 17. Ng5 Bg6 18. Ng3 Nd3 19. Bxd3 exd3 20. Rxd3 e4 21. N5xe4 Ne5 22. Re3 Qh4 23. Kg2 Rf7 24. Bd2 Raf8 25. Rf1 h6 26. c4 Nf3 27. Bc3 Ng5 28. Nxg5 hxg5 29. Ne4 Bf4 30. Rd3 Re8 31. f3 Rfe7 32. Re1 Bg3 33. Red1 Bxe4 34. fxe4 Rxe4 35. Qf3 Re2+ 36. Kg1 Bd6 37. Rf1 R2e7 38. Qxb7 Bf4 39. Bd4 Kh8 40. Bf2 Qh7 41. Rfd1 Re2 42. Qc6 Qg8 43. Qxa4 Qf7 44. Rf3 Rxb2 45. Kf1 Qe6 46. Kg2 Qe4 47. Rf1 Be3 48. Qd1 Rd2 49. Qe1 Rxa2 50. Qc3 c5 51. Kg3 Bf4+ 52. Kg2 Rd8 53. Re1 Qc6 54. Kg1 Bd2 55. Qb3 Bxe1 56. Bxe1 Ra1 57. Re3 Qf6 58. Kg2 Rf8 59. Qd3 Ra2+ 60. Kg1 Qc6 61. Re2 Rxe2 62. Qxe2 Qf3 63. Qf2 Rf4 64. Qxf3 Rxf3 65. Bf2 Rxh3 66. Kg2 Rc3 67. Bxc5 Rxc4 68. Be3 Rxg4+ 69. Kf3 0-1

[Event "Kiel op-A 16th"]
[Site "Kiel"]
[Date "2003.07.28"]
[Round "5.13"]
[White "Salakhutdinov, Ildar"]
[Black "Kraemer, Martin"]
[Result "0-1"]
[WhiteElo "2276"]
[BlackElo "2194"]
[PlyCount "118"]
[EventDate "2003.07.??"]
[EventType "swiss"]
[EventRounds "9"]
[EventCountry "GER"]
[SourceTitle "CBM 095 Extra"]
[Source "ChessBase"]
[SourceDate "2003.09.04"]
[SourceVersion "1"]
[SourceVersionDate "2003.09.04"]
[SourceQuality "1"]

1. e4 c5 2. Nf3 Nc6 3. Bb5 g6 4. Bxc6 bxc6 5. 0-0 Bg7 6. h3 Nh6 7. e5 0-0 8. Nc3 f6 9. exf6 exf6 10. d3 d5 11. Na4 Qa5 12. b3 c4 13. Bf4 Nf7 14. Re1 g5 15. Bh2 g4 16. Nd4 Ne5 17. hxg4 Bxg4 18. f3 c5 19. Ne2 cxd3 20. cxd3 Bf5 21. Nf4 d4 22. g4 Bd7 23. Rc1 Bxa4 24. bxa4 Qxe1+ 25. Qxe1 Nxf3+ 26. Kf2 Nxe1 27. Rxe1 Rfe8 28. Rc1 Rac8 29. Nd5 Kf7 30. Rb1 Kg8 31. Rb7 Kh8 32. Ne7 Ra8 33. Nf5 Bf8 34. Bf4 Re6 35. Kf3 a6 36. a5 Kg8 37. a4 Rc8 38. Rb6 Rce8 39. Ng3 Kf7 40. Ne4 Kg6 41. g5 fxg5 42. Nxg5 Rxb6 43. axb6 Bh6 44. b7 Bxg5 45. b8Q Rxb8 46. Bxb8 Bd2 47. Ke4 Kg5 48. Bc7 a5 49. Kd5 Bb4 50. Bxa5 Bxa5 51. Kxc5 h5 52. Kxd4 Kf4 53. Kc5 h4 54. d4 h3 55. Kb5 h2 56. Kxa5 h1Q 57. Kb6 Qa8 58. a5 Ke4 59. d5 Kxd5 0-1

[Event "Oberwart op 25th"]
[Site "Oberwart"]
[Date "2003.07.13"]
[Round "9"]
[White "Pavlovic, Milos"]
[Black "Salakhutdinov, Ildar"]
[Result "1-0"]
[WhiteElo "2569"]
[BlackElo "2276"]
[PlyCount "91"]
[EventDate "2003.07.05"]
[EventType "swiss"]
[EventRounds "9"]
[EventCountry "AUT"]
[SourceTitle "CBM 095 Extra"]
[Source "ChessBase"]
[SourceDate "2003.09.04"]
[SourceVersion "1"]
[SourceVersionDate "2003.09.04"]
[SourceQuality "1"]

1. e4 e6 2. d4 d5 3. Nc3 Bb4 4. e5 c5 5. a3 Bxc3+ 6. bxc3 Ne7 7. Qg4 0-0 8. Bd3 Nbc6 9. Qh5 Ng6 10. Nf3 Qc7 11. Be3 c4 12. Bxg6 fxg6 13. Qg4 Qf7 14. Ng5 Qe8 15. h4 h6 16. Nh3 Rf5 17. Qe2 Ne7 18. g4 Rf8 19. h5 gxh5 20. g5 hxg5 21. Nxg5 g6 22. Kd2 Rf5 23. Rag1 Bd7 24. Rxh5 gxh5 25. Ne4+ Kh8 26. Nd6 Qf8 27. Nxf5 Qxf5 28. Bg5 Ng6 29. Bf6+ Kg8 30. Rg5 Qxg5+ 31. Bxg5 Be8 32. Qxh5 Rc8 33. Qh3 Bf7 34. f4 Rc6 35. Qh6 Be8 36. Bf6 Rc7 37. Qh3 Rc6 38. a4 b6 39. Ke3 a5 40. Kd2 b5 41. axb5 Rb6 42. Bd8 Rxb5 43. Qxe6+ Bf7 44. Qc8 Rb1 45. Bf6+ Kh7 46. Qd7 1-0

[Event "Oberwart op 25th"]
[Site "Oberwart"]
[Date "2003.07.12"]
[Round "8"]
[White "Salakhutdinov, Ildar"]
[Black "Stanec, Nikolaus"]
[Result "1-0"]
[WhiteElo "2276"]
[BlackElo "2560"]
[PlyCount "67"]
[EventDate "2003.07.05"]
[EventType "swiss"]
[EventRounds "9"]
[EventCountry "AUT"]
[SourceTitle "CBM 095 Extra"]
[Source "ChessBase"]
[SourceDate "2003.09.04"]
[SourceVersion "1"]
[SourceVersionDate "2003.09.04"]
[SourceQuality "1"]

1. e4 c6 2. Nf3 d5 3. Nc3 Bg4 4. h3 Bxf3 5. Qxf3 e6 6. d3 Nf6 7. Qg3 g6 8. Bd2 Bg7 9. Be2 0-0 10. f4 dxe4 11. dxe4 Qb6 12. e5 Nd5 13. 0-0-0 Na6 14. Ne4 Nc5 15. Nxc5 Qxc5 16. Kb1 b5 17. h4 Rab8 18. h5 b4 19. Rh3 Rfd8 20. hxg6 hxg6 21. Rdh1 Kf8 22. Bd3 Nc3+ 23. Kc1 Qa5 24. Qg5 Ke8 25. Be1 Nxa2+ 26. Kd1 Kd7 27. Rh7 Rg8 28. f5 Qd5 29. f6 b3 30. Qd2 Qxe5 31. Rxg7 Rxg7 32. fxg7 Qxb2 33. cxb3 Qxg7 34. Qxa2 1-0

[Event "Werther Schloss op-A 9th"]
[Site "Werther"]
[Date "2003.04.13"]
[Round "4"]
[White "Salakhutdinov, Ildar"]
[Black "Asendorf, Joachim"]
[Result "1-0"]
[WhiteElo "2256"]
[BlackElo "2336"]
[PlyCount "117"]
[EventDate "2003.04.11"]
[EventType "swiss"]
[EventRounds "5"]
[EventCountry "GER"]
[SourceTitle "CBM 093 Extra"]
[Source "ChessBase"]
[SourceDate "2003.05.09"]
[SourceVersion "1"]
[SourceVersionDate "2003.05.09"]
[SourceQuality "1"]

1. e4 c5 2. Nf3 d6 3. c3 Nf6 4. h3 Nbd7 5. Bd3 b6 6. 0-0 Bb7 7. Re1 Qc7 8. Qe2 e6 9. Na3 Rc8 10. Ba6 Be7 11. Bxb7 Qxb7 12. d4 cxd4 13. Nxd4 0-0 14. Bg5 Rfe8 15. Nac2 Rc5 16. Bh4 Re5 17. Bxf6 Nxf6 18. f3 Nh5 19. g4 Nf4 20. Qh2 Nd3 21. Reb1 g5 22. Ne1 Nf4 23. Ne2 Ng6 24. Nd3 Ra5 25. Nd4 b5 26. Qd2 Ra6 27. b3 Rb6 28. b4 Ra6 29. Nb3 Rc6 30. Kf1 Rc7 31. Rc1 Rec8 32. Nd4 Bf6 33. Ne2 Qb6 34. a4 bxa4 35. Rxa4 Nh4 36. Ne1 h6 37. Qd3 Be5 38. Ra6 Qb8 39. Rc2 Rd7 40. Nd4 d5 41. Nc6 Rxc6 42. Rxc6 Bg3 43. Ng2 Ng6 44. Qa6 Kg7 45. Rd2 Qe5 46. Qe2 d4 47. Rc4 d3 48. Rxd3 Rxd3 49. Qxd3 Qf6 50. Rc8 Ne5 51. Qe3 Nxf3 52. Ke2 Nh2 53. Qxg3 Qf1+ 54. Kd2 Qb5 55. Qxh2 Qd7+ 56. Kc2 Qxc8 57. Qe5+ f6 58. Qd4 Qb7 59. Ne3 1-0

[Event "Werther Schloss op-A 9th"]
[Site "Werther"]
[Date "2003.04.12"]
[Round "2"]
[White "Salakhutdinov, Ildar"]
[Black "Adam, Detlef"]
[Result "1-0"]
[WhiteElo "2256"]
[BlackElo "2047"]
[PlyCount "71"]
[EventDate "2003.04.11"]
[EventType "swiss"]
[EventRounds "5"]
[EventCountry "GER"]
[SourceTitle "CBM 093 Extra"]
[Source "ChessBase"]
[SourceDate "2003.05.09"]
[SourceVersion "1"]
[SourceVersionDate "2003.05.09"]
[SourceQuality "1"]

1. e4 d5 2. exd5 Nf6 3. d4 Nxd5 4. c4 Nb6 5. Nf3 Bg4 6. Be2 Nc6 7. d5 Bxf3 8. Bxf3 Ne5 9. b3 e6 10. dxe6 Qxd1+ 11. Kxd1 Nxf3 12. exf7+ Kxf7 13. gxf3 Bc5 14. Be3 Rad8+ 15. Ke2 Bd4 16. Bxd4 Rxd4 17. Nc3 Re8+ 18. Ne4 Nd7 19. Rad1 Rxd1 20. Rxd1 Nf6 21. Ke3 h6 22. h4 g5 23. hxg5 hxg5 24. Rg1 g4 25. Kf4 gxf3 26. Ng5+ Ke7 27. Re1+ Kd6 28. Rxe8 Nxe8 29. Ne4+ Kc6 30. Kxf3 b5 31. Kf4 a5 32. Ke5 a4 33. c5 axb3 34. axb3 b4 35. f4 Kd7 36. Nf6+ 1-0

[Event "Lost Boys op"]
[Site "Amsterdam"]
[Date "2002.08.02"]
[Round "8"]
[White "Wegerle, Joerg"]
[Black "Salakhutdinov, Ildar"]
[Result "1-0"]
[WhiteElo "2365"]
[BlackElo "2238"]
[PlyCount "125"]
[EventDate "2002.07.26"]
[EventType "swiss"]
[EventRounds "9"]
[EventCountry "NED"]
[SourceTitle "CBM 089 Extra"]
[Source "ChessBase"]
[SourceDate "2002.09.10"]
[SourceVersion "2"]
[SourceVersionDate "2002.09.10"]
[SourceQuality "1"]

1. e4 e6 2. d4 d5 3. Nc3 Bb4 4. e5 c5 5. a3 Bxc3+ 6. bxc3 Ne7 7. Qg4 0-0 8. Bd3 Nbc6 9. Nf3 f5 10. exf6 Rxf6 11. Bg5 Rf7 12. Qh4 h6 13. Bxe7 Rxe7 14. 0-0 Bd7 15. Rfe1 Be8 16. Ne5 Rc8 17. f4 c4 18. Bf1 Nxe5 19. Rxe5 Bg6 20. Rae1 Bxc2 21. f5 Be4 22. fxe6 Qd6 23. Be2 Rxe6 24. Bg4 Rxe5 25. dxe5 Qb6+ 26. Qf2 Qxf2+ 27. Kxf2 Rf8+ 28. Ke3 Re8 29. Kd4 Kf7 30. Bh5+ g6 31. Bf3 Bxf3 32. Rf1 Re6 33. Rxf3+ Ke7 34. Rh3 h5 35. g4 hxg4 36. Rh7+ Ke8 37. Rxb7 Ra6 38. Kxd5 Rxa3 39. Kxc4 Ra2 40. Rh7 Rd2 41. Kc5 Rd3 42. c4 a5 43. Ra7 Rd2 44. Rxa5 Ke7 45. Ra6 Rxh2 46. Rxg6 Rg2 47. Kc6 g3 48. c5 Rg1 49. Kc7 g2 50. c6 Kf7 51. Rf6+ Ke7 52. Rf2 Ke6 53. Re2 Kf7 54. Kc8 Ke6 55. c7 Kf7 56. Rb2 Ke6 57. Kb8 Rc1 58. Rxg2 Rb1+ 59. Kc8 Kxe5 60. Rd2 Rh1 61. Kd7 Rh7+ 62. Kc6 Rh6+ 63. Kb7 1-0

[Event "Lost Boys op"]
[Site "Amsterdam"]
[Date "2002.08.01"]
[Round "7"]
[White "Salakhutdinov, Ildar"]
[Black "Konings, Leon"]
[Result "1-0"]
[WhiteElo "2238"]
[BlackElo "2318"]
[PlyCount "60"]
[EventDate "2002.07.26"]
[EventType "swiss"]
[EventRounds "9"]
[EventCountry "NED"]
[SourceTitle "CBM 089 Extra"]
[Source "ChessBase"]
[SourceDate "2002.09.10"]
[SourceVersion "2"]
[SourceVersionDate "2002.09.10"]
[SourceQuality "1"]

1. e4 c6 2. Nf3 d5 3. Nc3 Bg4 4. h3 Bxf3 5. Qxf3 e6 6. d3 Nd7 7. Qg3 Ne7 8. Be2 Ng6 9. h4 h5 10. Bg5 Qb8 11. Qxb8+ Rxb8 12. 0-0-0 f6 13. Be3 b5 14. exd5 exd5 15. d4 Bd6 16. g3 Nb6 17. b3 a5 18. Bd3 Ne7 19. Ne2 a4 20. Rhe1 Kd7 21. Bf4 Ba3+ 22. Kd2 Ra8 23. Be3 axb3 24. axb3 Bb4+ 25. c3 Ra2+ 26. Bc2 Bd6 27. Nc1 Ra3 28. Nd3 Rha8 29. Bf4 Bxf4+ 30. Nxf4 Rh8 1-0

[Event "Lost Boys op"]
[Site "Amsterdam"]
[Date "2002.07.30"]
[Round "5"]
[White "Salakhutdinov, Ildar"]
[Black "Krnic, Zdenko"]
[Result "0-1"]
[WhiteElo "2238"]
[BlackElo "2365"]
[PlyCount "74"]
[EventDate "2002.07.26"]
[EventType "swiss"]
[EventRounds "9"]
[EventCountry "NED"]
[SourceTitle "CBM 089 Extra"]
[Source "ChessBase"]
[SourceDate "2002.09.10"]
[SourceVersion "2"]
[SourceVersionDate "2002.09.10"]
[SourceQuality "1"]

1. e4 c5 2. Nf3 Nc6 3. Bb5 e6 4. Bxc6 bxc6 5. 0-0 Ne7 6. e5 Ng6 7. d3 f6 8. exf6 gxf6 9. h4 Qc7 10. g3 d6 11. h5 Ne5 12. Nxe5 fxe5 13. Nc3 Qg7 14. Qf3 Bd7 15. Ne4 Be7 16. Bd2 d5 17. Nc3 Rf8 18. Qe2 Rb8 19. Na4 Rf5 20. b3 Bd6 21. Kh1 Ke7 22. g4 Rg8 23. f3 Rf7 24. c4 Qf6 25. Kg2 Rfg7 26. Rh1 e4 27. dxe4 Qe5 28. Be1 dxe4 29. Bh4+ Ke8 30. Qxe4 Qxe4 31. fxe4 Rxg4+ 32. Kf3 Rf4+ 33. Ke3 Rgg4 34. Be1 Be5 35. Nc3 Bd4+ 36. Kd3 Rf3+ 37. Ke2 Re3+ 0-1

[Event "Lost Boys op"]
[Site "Amsterdam"]
[Date "2002.07.28"]
[Round "3"]
[White "Salakhutdinov, Ildar"]
[Black "Kritz, Leonid"]
[Result "1/2-1/2"]
[WhiteElo "2238"]
[BlackElo "2454"]
[PlyCount "92"]
[EventDate "2002.07.26"]
[EventType "swiss"]
[EventRounds "9"]
[EventCountry "NED"]
[SourceTitle "CBM 089 Extra"]
[Source "ChessBase"]
[SourceDate "2002.09.10"]
[SourceVersion "2"]
[SourceVersionDate "2002.09.10"]
[SourceQuality "1"]

1. e4 c5 2. Nf3 Nc6 3. Bb5 e6 4. Bxc6 bxc6 5. d3 Qc7 6. 0-0 d6 7. Re1 Ne7 8. c3 Ng6 9. d4 cxd4 10. cxd4 Be7 11. Nc3 0-0 12. e5 d5 13. Na4 f6 14. exf6 gxf6 15. Bh6 Rf7 16. h4 Bd6 17. h5 Ne7 18. Qe2 Bd7 19. Ne5 Bxe5 20. dxe5 Nf5 21. Bf4 c5 22. Nc3 Nd4 23. Qd2 f5 24. Nxd5 exd5 25. e6 Rg7 26. Kh1 Qd8 27. exd7 Qh4+ 28. Bh2 Rxd7 29. h6 Rd6 30. Re3 Rg6 31. Rh3 Qe4 32. f3 Qe2 33. Qxe2 Nxe2 34. Rd1 d4 35. Rh5 Rf8 36. Rd2 Re6 37. Rg5+ Kh8 38. g4 fxg4 39. fxg4 Nf4 40. Bxf4 Rxf4 41. Kg2 Rxh6 42. Kg3 Re4 43. Rxc5 Rg6 44. Rc8+ Kg7 45. Rc7+ Kg8 46. Rc8+ Kg7 1/2-1/2